00728naa#a2200181#i#4500001001500000005001700015100004100032102000700073200015000080210013700230215001000367608003700377675005200414700001900466700001900485700002400504856001800528EN\\bibl\1949020260516024121.6##a20260515b2026####ek#y0engy0150####ca##aRU1#aADVANTAGES OF THE CLONAL MICROPROPAGATION FOR MASS PRODUCTION OF FAST-GROWING WOODY SPECIES PLANTING MATERIAL (REVIEW)eConference article/thesis1#aVoronezhcFSBE Institution of Higher Education Voronezh State University of Forestry and Technologies named after G.F. Morozovd2026##a8 с.##aConference article/thesis2local##aРазмножение растений. 631.53#1aKamaevagA. A.#1aEvlakovgP. M.#1aTseplyaevgAleksey 4#abibl.vgltu.ru